01631nam a2200349 a 4500001001000000003000500010005001700015008004100032010001100073011001100084040000900095090001000104100003300114245026300147260004000410500006000450502008900510590003700599590004000636590004000676650006500716650005400781650004700835856001600882856007000898901000700968942001000975942000600985999001900991952013101010952014001141000113095CHAP20220329144338.0170420s2016 mx sm |||||||spa d a109556 a110528 cCHAP aTesis1 aBeaupré, Alexandre913195810aComunalidad y ecología política:h[En línea]bresistencia al neoextractivismo minero en La Sierra Sur de Oaxaca , el caso de la comunidad indígena campesina Recibimiento Cuauhtémoc en el Municipio de Santiago Textitlán /cpor Alexandre Beaupré. aChiapas, Méx. :bEl autor,c2016. aPara ver el contenido del material haga clic en la liga aTesis (Ing. Agr. Esp. en ) -- UACH. Dirección de Centros Regionales Universitarios aBATCHb00c20181121lUCH01h0758 aE5765TAJb05c20170420lUCH01h1132 aE5765TAJb05c20170420lUCH01h113314aComunidades ruralesxDesarrollo económicozOaxaca.913196014aEcologíaxAspectos políticoszOaxaca.913195914aMinas y recursos mineralesxOaxaca.975916 a1 n0000864 aFinding aiduhttp://10.13.5.2/tesis/sist113095.pdfzTeclea aquí aBK cTESIS n0 c109556d109556 00104054718TESISaBCbBCd2017-04-20fTESISl0oTesisp113097-10r2019-12-31 00:00:00w2019-12-31yTESISzRecien adquirido 00102local4053708TESISaBCbBCcPA_TESISd2017-04-20fTESISl0oTesisp33724002535446r2019-12-31 00:00:00tc.2w2019-12-31yTESIS